Short Term Memory Test - European Capitals - Statistics

General Stats
  • This quiz has been taken 44 times
  • The average score is 8 of 10
Answer Stats
Capital City % Correct
Athens
100%
Belgrade
100%
Bern
100%
Brussels
100%
Bucharest
100%
Budapest
100%
Copenhagen
100%
Kiev
100%
Ljubljana
100%
London
100%
Luxembourg
100%
Madrid
100%
Oslo
100%
Podgorica
100%
Prague
100%
Pristina
100%
Reykjavik
100%
Rome
100%
Sarajevo
100%
Sofia
100%
Stockholm
100%
Tallinn
100%
Valletta
100%
Vatican City
100%
Vilnius
100%
Zagreb
100%
Helsinki
80%
Lisbon
80%
Berlin
75%
Dublin
75%
Paris
75%
Riga
67%
Skopje
67%
Andorra la Vella
57%
Minsk
50%
San Marino
50%
Vaduz
50%
Vienna
50%
Amsterdam
33%
Tirana
25%
Bratislava
0%
Chișinău
0%
Monaco
0%
Moscow
0%
Warsaw
0%
No matching quizzes found
Score Distribution
Percent of People with Each Score
Percentile by Number Answered
Your Score History
You have not taken this quiz